The ring of truth : (Record no. 176541)
[ view plain ]
| 000 -LEADER | |
|---|---|
| fixed length control field | 00750 a2200217 4500 |
| 003 - CONTROL NUMBER IDENTIFIER | |
| control field | NUST |
| 005 - DATE AND TIME OF LATEST TRANSACTION | |
| control field | 20221027155707.0 |
| 010 ## - LIBRARY OF CONGRESS CONTROL NUMBER | |
| LC control number | 87042646 |
| 020 ## - INTERNATIONAL STANDARD BOOK NUMBER | |
| International Standard Book Number | 0394556631 : |
| 040 ## - CATALOGING SOURCE | |
| Transcribing agency | Nust |
| 082 00 - DEWEY DECIMAL CLASSIFICATION NUMBER | |
| Classification number | 502.8,MOR |
| 100 1# - MAIN ENTRY--PERSONAL NAME | |
| Personal name | Morrison, Philip. |
| 9 (RLIN) | 101565 |
| 245 14 - TITLE STATEMENT | |
| Title | The ring of truth : |
| Remainder of title | an inquiry into how we know what we know / |
| Statement of responsibility, etc. | Philip, Phylis Morrison. |
| 250 ## - EDITION STATEMENT | |
| Edition statement | 1st ed. |
| 260 ## - PUBLICATION, DISTRIBUTION, ETC. | |
| Place of publication, distribution, etc. | New York : |
| Name of publisher, distributor, etc. | Random House, |
| Date of publication, distribution, etc. | c1987. |
| 300 ## - PHYSICAL DESCRIPTION | |
| Extent | 307 p. : |
| Other physical details | ill. (some col.) ; |
| Dimensions | 27 cm. |
| 505 ## - FORMATTED CONTENTS NOTE | |
| Formatted contents note | Looking (Page-1), Change (Page-57), Mapping (Page-97), Clues (Page-147), Atoms (Page-181), Assurance And Boubt (Page-223). |
| 650 #0 - SUBJECT ADDED ENTRY--TOPICAL TERM | |
| Topical term or geographic name entry element | Science |
| General subdivision | Methodology. |
| 9 (RLIN) | 14114 |
| 700 1# - ADDED ENTRY--PERSONAL NAME | |
| Personal name | Morrison, Phylis, |
| Dates associated with a name | 1927- |
| 9 (RLIN) | 101566 |
| 942 ## - ADDED ENTRY ELEMENTS (KOHA) | |
| Source of classification or shelving scheme | |
| Koha item type | Book |
| Call number prefix | 502.8,MOR |
| Withdrawn status | Lost status | Source of classification or shelving scheme | Damaged status | Not for loan | Permanent Location | Current Location | Shelving location | Date acquired | Full call number | Barcode | Date last seen | Price effective from | Koha item type | Public note |
|---|---|---|---|---|---|---|---|---|---|---|---|---|---|---|
| Military College of Signals (MCS) | Military College of Signals (MCS) | General Stacks | 12/12/2016 | 502.8,MOR | MCS3309 | 12/08/2016 | 12/12/2016 | Book Bank | Almirah No. A/135, Shelf No.2 |
